Pelan Integriti Jabatan 2015-2019 / (Record no. 4015)

000 -LEADER
fixed length control field nam a22 a 4500
003 - CONTROL NUMBER IDENTIFIER
control field AKMAL
005 - DATE AND TIME OF LATEST TRANSACTION
control field 20170524155532.0
008 - FIXED-LENGTH DATA ELEMENTS--GENERAL INFORMATION
fixed length control field 160614s2014 my e o000 0 may d
020 ## - INTERNATIONAL STANDARD BOOK NUMBER
Qualifying information paperback
040 ## - CATALOGING SOURCE
Original cataloging agency AKMAL
082 04 - DEWEY DECIMAL CLASSIFICATION NUMBER
Edition number 23
Classification number 350 PEL
090 00 - LOCALLY ASSIGNED LC-TYPE CALL NUMBER (OCLC); LOCAL CALL NUMBER (RLIN)
Classification number (OCLC) (R) ; Classification number, CALL (RLIN) (NR) 350
Local cutter number (OCLC) ; Book number/undivided call number, CALL (RLIN) PEL
item location M
100 0# - MAIN ENTRY--PERSONAL NAME
Relator term author.
9 (RLIN) 7872
245 10 - TITLE STATEMENT
Title Pelan Integriti Jabatan 2015-2019 /
Statement of responsibility, etc. Jabatan Kastam Diraja Malaysia.
260 ## - PUBLICATION, DISTRIBUTION, ETC.
Place of publication, distribution, etc. Putrajaya:
Name of publisher, distributor, etc. Bahagian Khidmat Pengurusan dan Sumber Manusia, Ibu Pejabat Jabatan Kastam Diraja Malaysia,
Date of publication, distribution, etc. 2014
264 #1 - PRODUCTION, PUBLICATION, DISTRIBUTION, MANUFACTURE, AND COPYRIGHT NOTICE
Place of production, publication, distribution, manufacture Putrajaya :
Name of producer, publisher, distributor, manufacturer Bahagian Perancangan Korporat, Ibu Pejabat Kastam Diraja Malaysia,
Date of production, publication, distribution, manufacture, or copyright notice 2014
300 ## - PHYSICAL DESCRIPTION
Extent p60mukasurat :
Other physical details ill.wrn ;
Dimensions 25cm
650 10 - SUBJECT ADDED ENTRY--TOPICAL TERM
Topical term or geographic name entry element Customs Administration
General subdivision Law and legislation
9 (RLIN) 6000
700 0# - ADDED ENTRY--PERSONAL NAME
Relator term editor
9 (RLIN) 7872
710 2# - ADDED ENTRY--CORPORATE NAME
Corporate name or jurisdiction name as entry element Jabatan Kastam Diraja Malaysia
Subordinate unit Bahagian Khidmat Pengurusan dan Sumber Manusia
9 (RLIN) 7873
942 ## - ADDED ENTRY ELEMENTS (KOHA)
Source of classification or shelving scheme
Koha item type Book
950 ## - LOCAL HOLDINGS (RLIN)
Permanent shelving location, LOC (RLIN) AKMAL
Holdings
Withdrawn status Lost status Source of classification or shelving scheme Damaged status Not for loan Collection code Home library Current library Shelving location Date acquired Total Checkouts Full call number Barcode Date last seen Date last checked out Price effective from Koha item type Inventory number
          NON-FICTION AKMAL Melaka AKMAL Melaka PINJAMAN 24.05.2017 1 350 PEL 201705246 16.08.2018 01.08.2018 24.05.2017 Book  
          NON-FICTION AKMAL Melaka AKMAL Melaka PINJAMAN 24.05.2017 2 350 PEL 201707251 14.03.2022 03.03.2022 24.05.2017 Book 306954
          NON-FICTION AKMAL Melaka AKMAL Melaka PINJAMAN 24.05.2017 1 350 PEL 201707252 24.07.2024 19.07.2024 24.05.2017 Book 306955
          NON-FICTION AKMAL Melaka AKMAL Melaka PINJAMAN 24.05.2017   350 PEL 201707253 31.05.2017   24.05.2017 Book 306956
          NON-FICTION AKMAL Melaka AKMAL Melaka PINJAMAN 24.05.2017   350 PEL 201707254 31.05.2017   24.05.2017 Book 306957
          NON-FICTION AKMAL Melaka AKMAL Melaka PINJAMAN 24.05.2017   350 PEL 201707255 31.05.2017   24.05.2017 Book 306958
          NON-FICTION AKMAL Melaka AKMAL Melaka PINJAMAN 24.05.2017 1 350 PEL 201707256 24.07.2024 19.07.2024 24.05.2017 Book 306959
          NON-FICTION AKMAL Melaka AKMAL Melaka PINJAMAN 24.05.2017   350 PEL 201707257 31.05.2017   24.05.2017 Book 306960
          NON-FICTION AKMAL Melaka AKMAL Melaka PINJAMAN 24.05.2017 1 350 PEL 201707258 06.04.2019 31.03.2019 24.05.2017 Book 306961
Pusat Sumber Maklumat Dato' Haji Sarmin Md Hussin, Akademi Kastam Diraja Malaysia, Melaka
Tel: 06-2331106 | Faks: 06-2313787